Detalles MARC
| 000 -LEADER |
| fixed length control field |
01993cam a22003017a 4500 |
| 001 - CONTROL NUMBER |
| control field |
12137177 |
| 003 - CONTROL NUMBER IDENTIFIER |
| control field |
OSt |
| 005 - DATE AND TIME OF LATEST TRANSACTION |
| control field |
20210831165513.0 |
| 008 - FIXED-LENGTH DATA ELEMENTS--GENERAL INFORMATION |
| fixed length control field |
000610s2000 ck a b 000 0 spa d |
| 010 ## - LIBRARY OF CONGRESS CONTROL NUMBER |
| LC control number |
00344859 |
| 020 ## - INTERNATIONAL STANDARD BOOK NUMBER |
| International Standard Book Number |
9589641318 |
| 040 ## - CATALOGING SOURCE |
| Original cataloging agency |
MH |
| Transcribing agency |
CO-JMCR |
| 041 0# - LANGUAGE CODE |
| Language code of text/sound track or separate title |
spa |
| 082 04 - DEWEY DECIMAL CLASSIFICATION NUMBER |
| Classification number |
338.9861 / |
| Item number |
W651g |
| Edition number |
23 |
| 100 1# - MAIN ENTRY--PERSONAL NAME |
| Personal name |
Wiesner Durán, Eduardo |
| Relator term |
autor |
| 9 (RLIN) |
34241 |
| 245 10 - TITLE STATEMENT |
| Title |
Globalización en la economía colombiana / |
| Statement of responsibility, etc. |
Eduardo Wiesner Durán, Jorge Hernán Cárdenas Santamaría, [y otros 6] ; compilador, Arturo E. |
| 250 ## - EDITION STATEMENT |
| Edition statement |
1. edición. |
| 260 ## - PUBLICATION, DISTRIBUTION, ETC. |
| Place of publication, distribution, etc. |
Bogotá : |
| Name of publisher, distributor, etc. |
Ecoandinos, |
| Date of publication, distribution, etc. |
2000. |
| 300 ## - PHYSICAL DESCRIPTION |
| Extent |
208 páginas : |
| Other physical details |
ilustraciones y gráficas en blanco y negro ; |
| Dimensions |
25 cm. |
| 504 ## - BIBLIOGRAPHY, ETC. NOTE |
| Bibliography, etc. note |
Incluye referencias bibliográficas y notas a pie de página. |
| 505 0# - FORMATTED CONTENTS NOTE |
| Title |
La importancia de los factores institucionales en el desarrollo económico y social de Colombia. / |
| Statement of responsibility |
Eduardo Wiesner Durán. -- |
| Title |
Empresarios colombianos en medio de la globalización e integración hemisférica. / |
| Statement of responsibility |
Jorge Hernán Cárdenas. -- |
| Title |
Políticas económicas e internacionalización de la economía colombiana. / |
| Statement of responsibility |
Miguel Urrutia Montoya. -- |
| Title |
Balanza de pagos e internacionalización de la economía colombiana. / |
| Statement of responsibility |
Roberto Junguito . y Gloria A. Alonso M. -- |
| Title |
Problemas y perspectivas de la internacionalización de la economía colombiana. / |
| Statement of responsibility |
Jorge Ramírez Ocampo. -- |
| Title |
Agenda rural para globalización y la paz. / |
| Statement of responsibility |
Carlos Gustavo Cano. -- |
| Title |
Internacionalización e infraestructura. / |
| Statement of responsibility |
Enrique Ramírez Romero. -- |
| Title |
Perfil del transporte terrestre internacional andino. / |
| Statement of responsibility |
Jaime Salazar Montoya. -- |
| Title |
Perspectivas de la justicia en el contexto de la globalización. / |
| Statement of responsibility |
Corporación Excelencia de la justicia |
| 650 14 - SUBJECT ADDED ENTRY--TOPICAL TERM |
| Topical term or geographic name entry element |
Globalización. |
| 9 (RLIN) |
39837 |
| 650 24 - SUBJECT ADDED ENTRY--TOPICAL TERM |
| Topical term or geographic name entry element |
Política económica |
| Geographic subdivision |
Colombia. |
| 9 (RLIN) |
39838 |
| 650 24 - SUBJECT ADDED ENTRY--TOPICAL TERM |
| Topical term or geographic name entry element |
Tránsito |
| General subdivision |
Internacional |
| 9 (RLIN) |
39839 |
| 700 1# - ADDED ENTRY--PERSONAL NAME |
| Personal name |
Wiesner Durán, Eduardo. |
| Relator term |
autor |
| 9 (RLIN) |
34241 |
| 700 1# - ADDED ENTRY--PERSONAL NAME |
| Personal name |
Tangarife Sánchez, Arturo E. |
| Relator term |
autor |
| 9 (RLIN) |
39840 |
| 942 ## - ADDED ENTRY ELEMENTS (KOHA) |
| Source of classification or shelving scheme |
Dewey Decimal Classification |
| Koha item type |
Books |